|
|
|
|
| LEADER |
00885nam a2200265 4500 |
| 001 |
000008036 |
| 003 |
4217 |
| 005 |
20150812140854.0 |
| 008 |
111013s2000 sd |
| 082 |
1 |
|
|a 516
|b VA-C
|
| 100 |
0 |
|
|a Văn Như Cương
|e chủ biên
|
| 245 |
0 |
0 |
|a Hình học
|c Văn Như Cương
|
| 250 |
|
|
|a Tái bản lần thứ 2
|
| 260 |
|
|
|a H.
|b Giáo dục
|c 2000
|
| 300 |
|
|
|a 99tr
|c 20cm
|
| 774 |
|
|
|a Văn Như Cương
|b Tái bản lần thứ 2
|d H.
|d Giáo dục
|d 2000
|g tập 2
|h 140tr.
|w 4255
|
| 774 |
|
|
|a Văn Như Cương
|b Tái bản lần thứ 2
|d Giáo dục
|d H.
|d 2000
|g tập 3
|h 110tr.
|o KM.100030, KM.100031, KM.100032, KM.100033, KM.100034
|w 4261
|
| OWN |
|
|
|a LSP
|
| 999 |
|
|
|a From the UDN01
|
| TYP |
|
|
|a Monograph
|
| TYP |
|
|
|a Printed language
|
| 980 |
|
|
|a Mạng thư viện Đại học Đà Nẵng
|